000 00353nam a2200133Ia 4500
008 210210b1984 xxu||||| |||| 00| 0 eng d
082 _aS891.2 SHAR
100 _aSHARMA (Raghurama) and Others.
245 _aRatnavali.
260 _aMangaluru
_bAkhila Karnataka Samskrit Vibhaga
_c1984
300 _a123
690 _aSanskrit Drama
906 _aSG02466
999 _c113771
_d113771